Statistiken für Top 15 der betroffenen Covid-19-Länder - 22. Dezember 2021

Klicken Sie hier um das Quiz zu spielen!

Allgemein

  • Dieses Quiz wurde 18 mal gespielt
  • Das Durchschnittsergebnis liegt bei 13 aus 28

Antwortstatistiken

Land% Korrekt
Vereinigtes Königreich
87%
Brasilien
80%
Deutschland
80%
Spanien
80%
Vereinigte Staaten
80%
Argentinien
73%
Italien
73%
Mexiko
73%
Frankreich
67%
Indien
67%
Russland
67%
Indonesien
47%
Kolumbien
47%
Kroatien
40%
Türkei
40%
Serbien
33%
Slowakei
33%
Belgien
27%
Iran
27%
Niederlande
27%
Slowenien
27%
Tschechien
27%
Estland
20%
Georgien
20%
Israel
20%
Bahrain
13%
Lettland
7%
Litauen
7%

Verteilung der Resultate

Perzentil nach korrekt beantworteten Fragen

Anzahl Personen mit jedem Resultat

Ihre Resultats-Entwicklung

Sie haben dieses Quiz noch nicht gespielt